Анализ множественности стационарных состояний выхода колонны реакционной ректификации синтеза метил-трет-бутилового эфира; Химия и химическая технология в XXI веке

Detalles Bibliográficos
Parent link:Химия и химическая технология в XXI веке.— 2016.— [С. 364-365]
Autor Principal: Митянина О. Е. Ольга Евгеньевна
Autor Corporativo: Национальный исследовательский Томский политехнический университет (ТПУ) Институт природных ресурсов (ИПР) Кафедра химической технологии топлива и химической кибернетики (ХТТ)
Summary:Заглавие с экрана
Idioma:ruso
Publicado: 2016
Series:Технология и моделирование процессов подготовки и переработки углеводородного сырья
Subjects:
Acceso en liña:http://earchive.tpu.ru/handle/11683/30697
Formato: MixedMaterials Electrónico Capítulo de libro
KOHA link:https://koha.lib.tpu.ru/cgi-bin/koha/opac-detail.pl?biblionumber=618851

MARC

LEADER 00000naa2a2200000 4500
001 618851
005 20240303151745.0
035 |a (RuTPU)RU\TPU\conf\17243 
035 |a RU\TPU\conf\17242 
090 |a 618851 
100 |a 20160618d2016 k y0rusy50 ca 
101 0 |a rus 
102 |a RU 
105 |a y z 101zy 
135 |a drcn ---uucaa 
181 0 |a i  
182 0 |a b 
200 1 |a Анализ множественности стационарных состояний выхода колонны реакционной ректификации синтеза метил-трет-бутилового эфира  |f О. Е. Митянина 
203 |a Текст  |c электронный 
225 1 |a Технология и моделирование процессов подготовки и переработки углеводородного сырья 
300 |a Заглавие с экрана 
320 |a [Библиогр.: с. 365 (3 назв.)] 
463 0 |0 (RuTPU)RU\TPU\conf\17060  |t Химия и химическая технология в XXI веке  |o материалы XVII Международной научно-практической конференции студентов и молодых ученых имени профессора Л.П. Кулёва, посвященной 120-летию Томского политехнического университета, 17–20 мая 2016 г., г. Томск  |f Национальный исследовательский Томский политехнический университет (ТПУ) ; Институт природных ресурсов (ИПР) ; Институт физики высоких технологий (ИФВТ) ; Физико-технический институт (ФТИ) ; Сибур-Холдинг  |v [С. 364-365]  |d 2016 
610 1 |a труды учёных ТПУ 
610 1 |a электронный ресурс 
610 1 |a реакционная ректификация 
610 1 |a стационарные состояния 
610 1 |a синтез 
610 1 |a смеси 
700 1 |a Митянина  |b О. Е.  |c химик-технолог  |c доцент Томского политехнического университета, кандидат технических наук  |f 1986-  |g Ольга Евгеньевна  |y Томск  |3 (RuTPU)RU\TPU\pers\28709  |9 13506 
712 0 2 |a Национальный исследовательский Томский политехнический университет (ТПУ)  |b Институт природных ресурсов (ИПР)  |b Кафедра химической технологии топлива и химической кибернетики (ХТТ)  |3 (RuTPU)RU\TPU\col\18665 
801 2 |a RU  |b 63413507  |c 20160705  |g RCR 
856 4 |u http://earchive.tpu.ru/handle/11683/30697 
942 |c BK